| 000 | 00668cam a22002417a 4500 | ||
|---|---|---|---|
| 001 | 16615356 | ||
| 003 | 0 | ||
| 005 | 20170213143818.0 | ||
| 008 | 110119s2010 nyua 001 0 eng d | ||
| 020 | _a9780205755455 | ||
| 040 | _cSPU | ||
| 050 | 0 | 0 |
_aLB 1050 _b.F39 2011 |
| 100 | 1 | _aFennessy, Corinne. | |
| 245 | 1 | 0 |
_aReading for life / _cCorinne Fennessy. |
| 260 |
_aWhite Plains, N.Y. : _bLongman, _c2010. |
||
| 300 |
_axviii, 573 p. : _bcol. ill. ; _c28 cm. |
||
| 500 | _aIncludes index. | ||
| 650 | 0 | _aReading (Higher education) | |
| 650 | 0 | _aCollege readers. | |
| 650 | 0 |
_aCollege students _xBooks and reading. |
|
| 650 | 0 | _aStudy skills. | |
| 942 |
_2lcc _cBK |
||
| 999 |
_c48550 _d48550 |
||